Filosofía del derecho.

Salvato in:
Dettagli Bibliografici
Autore principale: Radbruch, Gustavo (autor)
Natura: Libro
Pubblicazione: Madrid, España: Revista de Derecho Privado, 1959.
Edizione:Cuarta edición.
Soggetti:
Tags: Aggiungi Tag
Nessun Tag, puoi essere il primo ad aggiungerne!!

MARC

LEADER 00000nam a2200000 a 4500
001 UCY1219
003 CL-VaPUC
005 20220822114547.0
008 220706t1959 ||||| |||| 00| 0 eng d
999 |c 436731  |d 436729 
040 |c Pontificia Universidad Católica de Valparaíso 
082 0 4 |a 340.1 RAD 1959  |2 21 
100 |a Radbruch, Gustavo   |e autor  |9 256666 
245 1 0 |a Filosofía del derecho. 
250 |a Cuarta edición. 
260 |a Madrid, España:  |b Revista de Derecho Privado,  |c 1959. 
300 |a 278 páginas.  
500 |a c.1 Primera parte: Donación Familia Prof. Alejandro Guzmán Brito. 
583 |a last modification  |c 19940824 00:00:00  |k Cristina María Rojas Aguilar 
650 0 |a Filosofía del derecho   |9 255050 
942 |c BK  |2 ddc  |n 0 
952 |0 0  |1 0  |2 ddc  |4 0  |6 340_100000000000000_RAD_1959  |7 0  |8 C_AGB  |9 584428  |a BIBDER  |b BIBDER  |d 2022-07-06  |e Donación   |i 5652542  |o 340.1 RAD 1959  |p 5652542  |r 2023-01-25  |t 1  |w 2022-07-06  |y BK_US  |k AGB